000 00952nam a22003137a 4500
001 0007157
003 KOHA_MİRAKIL
005 20260207001547.0
007 ta
008 090914b1998 tu |||gr||||#||||1|tur |
020 _a9753553552
040 _aTR-BiSEU
_btur
_cTR-BiSEU
_erda
041 0 _atur
044 _ctu
050 _aPL223.O93
_bK46 1998
100 1 _aÖzdenören, Rasim.
245 1 _aİş hukuku ve işçinin sosyal güvenliği :
_bders kitabı/
_cRasim Özdenören ; Rasim Özdenören.
264 1 _aİstanbul :
_bİz Yayıncılık
_c1998
300 _a184 sayfa; 20 cm.
336 _ametin
_btxt
_2rdacontent
337 _aaracısız
_bn
_2rdamedia
338 _acilt
_bnc
_2rdacarrier
490 1 _aİz yayıncılık ;
_v260.
490 1 _aBütün eserleri: 20.
650 0 _aTürk edebiyatı--Deneme.
_913341
830 1 _aİz yayıncılık ;
_v260.
_98931
830 1 _aBütün eserleri: 20.
_917669
942 _2lcc
_cBK
999 _c7137
_d7137